000 00745nam a2200265 a 4500
008
020 _a1560329394 (hbk.)
049 _aMAIN
050 0 0 _aTP156.P6
_fPRI
245 0 0 _aPrinciples of polymer systems /
_cFerdinand Rodriguez ... [et al.].
250 _a5th ed.
260 _aNew York :
_bTaylor & Francis,
_c2003.
300 _axiv, 760 p. :
_bill. ;
_c24 cm.
500 _aIncludes index.
504 _aIncludes bibliographical references.
650 0 _aPolymers.
700 _aCohen, Claude
700 _aOber, Christopher
700 _aArcher, Lynden A.
907 _a.b10145734
_b24-05-05
_c05-01-05
003
005 20230123133905.0
040 _cNUST
942 _cBOOKS
999 _c156381
_d156381